| 000 | 00459pab a2200181 454500 | ||
|---|---|---|---|
| 008 | 180718b2010 xxu||||| |||| 00| 0 eng d | ||
| 100 | _aAmuedo-Dorantes, Catalina | ||
| 245 | _aRemittances in small island developing states | ||
| 260 | _c2010 | ||
| 300 | _ap.941-60. | ||
| 362 | _aMay | ||
| 650 | _aSmall states | ||
| 700 | _aVargas-Silva, Carlos | ||
| 700 | _aPozo, Susan | ||
| 773 | _aJournal of Development Studies | ||
| 908 | _aN | ||
| 909 | _a87049 | ||
| 999 |
_c87049 _d87049 |
||